000 00254 a2200109 4500
001 147553
040 _cEscola São Tomás de Aquino
240 1 0 _aO país sem música
_lpor
245 1 0 _aO país sem música
697 _a*LITERATURA INFANTIL
942 _cBK
999 _c147553
_d147553